Statistics for Five Most Guessed World Capitals and their country by Continent

Click here to take the quiz!

General Stats

  • This quiz has been taken 161 times
  • The average score is 23 of 30

Answer Stats

% Correct
North America84%Washington D.C.United States of America
96%
Europe90%ParisFrance
95%
Asia78%TokyoJapan
94%
North America73%Mexico CityMexico
93%
Europe87%RomeItaly
93%
Europe86%BerlinGermany
92%
Asia76%BeijingChina
91%
South America74%BrasiliaBrazil
90%
South America67%Buenos AiresArgentina
90%
Europe87%LondonUnited Kingdom
90%
Europe82%MadridSpain
89%
South America64%LimaPeru
87%
North America67%OttawaCanada
86%
Africa67%CairoEgypt
85%
South America52%BogotaColombia
82%
Oceania66%CanberraAustralia
79%
Africa52%Pretoria, Cape Town or BloemfonteinSouth Africa
79%
South America58%SantiagoChile
79%
Asia66%SeoulSouth Korea
79%
Oceania54%WellingtonNew Zealand
79%
North America59%HavanaCuba
76%
Africa42%AlgiersAlgeria
62%
Africa41%TunisTunisia
61%
Asia70%New DelhiIndia
59%
Africa42%NairobiKenya
53%
Asia61%JerusalemIsrael
49%
Oceania23%Port MoresbyPapua New Guinea
49%
Oceania25%SuvaFiji
49%
North America53%KingstownSt. Vincent & the Grenadines
25%
Oceania17%Port VilaVanuatu
17%

Score Distribution

Percentile by Number Answered

Percent of People with Each Score

Your Score History

You have not taken this quiz